R v St Edmundsbury BC ex parte Walton (Record no. 62205)

MARC details
000 -LEADER
fixed length control field 00820cam a2200181 4500
001 - CONTROL NUMBER
control field X10356
008 - FIXED-LENGTH DATA ELEMENTS--GENERAL INFORMATION
fixed length control field 000000n2000 000 0 eng u
035 ## - SYSTEM CONTROL NUMBER
System control number (Sirsi) u103561
245 ## - TITLE STATEMENT
Title R v St Edmundsbury BC ex parte Walton
260 ## - PUBLICATION, DISTRIBUTION, ETC.
Date of publication, distribution, etc. 2000
490 ## - SERIES STATEMENT
Series statement Journal of Planning and Environment Law
Volume/sequential designation [1999] JPL 805
520 ## - SUMMARY, ETC.
Summary, etc. QBD 13 April 1999. Planning application for a 'new road'. Whether environmental assessment required. Decision not to require EA taken by planning officer. Whether formal delegation of power necessary. Whether decision "Wednesbury" unreasonable. Taken from journal headnote.
650 ## - SUBJECT ADDED ENTRY--TOPICAL TERM
Topical term or geographic name entry element R V ST EDMUNDSBURY BC EX P WALTON
650 ## - SUBJECT ADDED ENTRY--TOPICAL TERM
Topical term or geographic name entry element ENVIRONMENTAL ASSESSMENTS
650 ## - SUBJECT ADDED ENTRY--TOPICAL TERM
Topical term or geographic name entry element WEDNESBURY PRINCIPLES
690 ## - LOCAL SUBJECT ADDED ENTRY--TOPICAL TERM (OCLC, RLIN)
Topical term or geographic name as entry element ENVIRONMENTAL AND LAND CONSULTANCY-PLANNING AND DEVELOPMENT
942 ## - ADDED ENTRY ELEMENTS (KOHA)
Suppress in OPAC 0
Holdings
Withdrawn status Lost status Source of classification or shelving scheme Damaged status Not for loan Home library Current library Shelving location Date acquired Total Checkouts Full call number Barcode Date last seen Copy number Price effective from Koha item type
    Dewey Decimal Classification     London London Journal article 13/01/2000   X10356 103561-1001 06/08/2019 1 06/08/2019 Law report